Responses for Show #2674 - Thursday, March 28, 1996

Contestants

[<< previous game]

Judy Zellers, a homemaker from Mountain View, California

Jim Henderson, an attorney from Sacramento, California

Marty Sade, a math teacher from Tucson, Arizona (whose 3-day cash winnings total $40,001)

[next game >>]

Jeopardy! Round responses

GENERAL SCIENCE
NURSERY RHYMES
LIBRARIES
ANCIENT EGYPT
MONEY PROBLEMS
4-LETTER WORDS
    $100 1
gravity

Marty
    $100 9
Simple Simon

Jim
    $100 21
New York City

Marty
    $100 6
mummifying

Marty
    $100 26
$500

Judy
    $100 14
isle

Marty
    $200 2
(Judy: What is darkness?)

light

MartyJudy
    $200 10
Georgie Porgie

Judy
    $200 22
Boston

Jim
    $200 7
beer

Marty
    $200 27
(Marty: What is 277?)

100

MartyJudy
    $200 15
spud

Jim
    $300 3
quinine

Marty
    $300 11
(Jim: Who is Tommy Tucker?)

Little Jack Horner

MartyJim
    $300 23
(Jim: What is Edinburgh?)

Glasgow

Jim
Triple Stumper
    $300 8
Nefertiti

Judy
    $300 28
20 cents (4 times)

Judy
    $300 16
mute

Judy
    $400 4
noise

Marty
    $400 19
Little Boy Blue

Judy
    $400 24
(Jim: Who is Joel Chandler?)
...
(Alex: We needed the full name.)

Joel Chandler Harris

JimJudy
    $400 12
The Rosetta Stone

Marty
    $400 29
3 nickels & a dime

Jim
    $400 17
epee

Judy
    $1,000 5
Saturn

Marty
    $500 20
"The House That Jack Built"

Judy
    $500 25
Library of Congress

Marty
    $500 13
(Jim: What are the pyramids?)

Giza

MartyJim
    $500 30
$4.00

Jim
    $500 18
(Jim: What is a gust?)

Gale

JimJudy

Scores at the first commercial break (after clue 15):

Marty Jim Judy
$3,600 -$500 $300

Scores at the end of the Jeopardy! Round:

Marty Jim Judy
$4,000 -$600 $3,400

Double Jeopardy! Round responses

EUROPEAN CITIES
MUSIC
WOMEN IN RELIGION
LITERATURE
PRESIDENTIAL TRIVIA
THE MOVIES
    $200 4
Prague

Marty
    $200 17
croon

Marty
    $200 22
Mother Teresa

Marty
    $200 5
"Don Quixote"

Jim
    $200 10
John F. Kennedy

Marty
    $200 1
(Judy: What is "The President?")

The American President

Judy
Triple Stumper
    $400 7
Vienna

Marty
    $400 24
bass

Marty
    $400 23
(Jim: Who is Edy?....Mary Baker Edy?)
(After Clue 28: Alex:
We have a change in scoring to announce - it will affect Jim, we have revisited our harsh ruling of a little while ago when you said "Mary Baker Edy" instead of "Mary Baker Eddy"; you didn't add a syllable, you didn't add any letters that weren't in her name, so you are going to be credited with a correct response)

Mary Baker Eddy

JimJudy
    $400 11
"The Time Machine"

Marty
    $400 13
William Henry Harrison

Jim
    $400 2
Ace Ventura

Jim
    $600 8
Belgium

Jim
    $600 28
(Marty: Who are Solieri and Mozart?)
...
(Alex: When I asked Marty, he admitted that he did say "Solieri", so that's why we had to rule against him.)

Mozart & Salieri

Marty
Triple Stumper
    $600 25
(Alex: With a minute to go in the round.)

National Council of Churches

Triple Stumper
    $600 12
"Through the Looking-Glass"

Judy
    $600 14
F.D. Roosevelt

Judy
    $600 3
The Naked Gun

Judy
    $800 21
Turin

Marty
    $800 29
[The end-of-round signal sounds.]

piano

Triple Stumper
    $800 27
Aimee Semple McPherson

Judy
    $800 18
"From Here to Eternity"

Triple Stumper
    $800 15
Ronald Reagan

Judy
    $800 6
(Marty: What is "Now, Voyager?")

Dark Victory

MartyJudy
    $1000 20
(Judy: What is Ghent?)

Utrecht

Judy
Triple Stumper
    $1000 26
(Judy: What is Amana?)

Shakers

Judy
Triple Stumper
    $2,500 19
(Marty: What is "Oliver Twist?")

"David Copperfield"

Marty
    $1,200 16
(Alex: The father & son being John Adams & John Quincy Adams.)

Jefferson, Madison & Monroe

Judy
    $1000 9
The House of the Spirits

Triple Stumper

Scores at the end of the Double Jeopardy! Round:

Marty Jim Judy
$2,900 $1,400 $7,000
(lock game)

[wagering suggestions for these scores]

Final Jeopardy! Round responses

HISTORIC PEOPLE
JimWho is the Duke of Wellington?
$1,300
MartyWho is the Duke of Wellington
$0
JudyWho was Windsor?
$1,100
the Duke of Wellington

Final scores:

Marty Jim Judy
$2,900 $2,700 $5,900
2nd place: Bassett Legend dining room set 3rd place: Friedman hand-crafted mirror New champion: $5,900

Game dynamics:

Coryat scores:

Marty Jim Judy
$4,900 $1,400 $6,800
21 R
(including 1 DD),
4 W
(including 1 DD)
10 R,
5 W
19 R
(including 1 DD),
4 W

Combined Coryat: $13,100

[game clues] [game scores] [suggest correction]

Game tape date: Unknown
The J! Archive is created by fans, for fans. Scraping, republication, monetization, and malicious use prohibited; this site may use cookies and collect identifying information. See terms. The Jeopardy! game show and all elements thereof, including but not limited to copyright and trademark thereto, are the property of Jeopardy Productions, Inc. and are protected under law. This website is not affiliated with, sponsored by, or operated by Jeopardy Productions, Inc. Join the discussion at JBoard.tv.